| 000 | 01292cam a2200169 4500500 | ||
|---|---|---|---|
| 005 | 20260222004202.0 | ||
| 041 | _afre | ||
| 042 | _adc | ||
| 100 | 1 | 0 |
_aFulconis, François _eauthor |
| 700 | 1 | 0 |
_aPaché, Gilles _eauthor |
| 245 | 0 | 0 | _aPiloter des entreprises virtuelles |
| 260 | _c2005. | ||
| 500 | _a42 | ||
| 520 | _aÀ l’opposé de l’image de simples opérateurs de transport qui leur est parfois associée, certains PSL ont su développer un métier d’ensemblier capable de prendre en charge une large palette d’opérations logistiques et paraindustrielles pour de multiples clients. Loin d’être démunis face à l’émergence des entreprises dites virtuelles, ils leur apportent une compétence de gestion des interfaces qui participe activement à la mise à disposition des produits dans les meilleures conditions de coût, de délai et de qualité de service. L’article explore cette réalité organisationnelle en soulignant comment certains PSL d’entreprises virtuelles, pourraient gravir une nouvelle marche en devenant, à terme, leur véritable pilote. | ||
| 786 | 0 | _nRevue française de gestion | 156 | 3 | 2005-06-01 | p. 167-186 | 0338-4551 | |
| 856 | 4 | 1 | _uhttps://shs.cairn.info/revue-francaise-de-gestion-2005-3-page-167?lang=fr&redirect-ssocas=7080 |
| 999 |
_c1668129 _d1668129 |
||